Que de couleurs - Statistiques

Statistiques générales
  • Ce quiz a été pris 380 fois
  • Le résultat moyen est 11 sur 12
Statistiques - réponses
Signification Couleur % Correct
Ciel, mer, rêve, sagesse, sérénité, loyauté, fraîcheur, vérité, mélancolie Bleu
100%
Poussin, Soleil, fête, dynamisme, douceur, joie, ego, puissance, connaissance, amitié, traîtrise, mensonge, tromperie Jaune
100%
Sang, feu, lave, amour, passion, chaleur, sexualité, rose, ardeur, triomphe, colère, interdiction, danger Rouge
100%
Végétaux, nature, espérance, chance, stabilité, concentration, échec, infortune Vert
100%
Neige, lumière, lait, robe de marié, pureté, innocence, virginité, mariage Blanc
95%
Terre, arbres, nature, bois, cuir, chocolat, douceur, neutralité Marron
95%
Fleur, féminité, romantisme, séduction, bonheur, tendresse, jeunesse, couleur réservée aux filles Rose
93%
Plus d’espoir, classe, intemporel, élégance, simplicité, sobriété, rigueur, mystère, mort, deuil, tristesse, vide, obscurité, ténèbres Noir
92%
Poussière, calme, douceur, tristesse, solitude, monotonie, mélancolie Gris
89%
Fruit, joie, dynamique, bienveillante, avertir, créativité, communication, sécurité, optimisme, kitch Orange
89%
Métaux (or), lingots d'or, valeur, leader, richesse, fortune, fécondité Doré
85%
Royauté, habit des évêques, rêve, délicatesse, paix, amitié, méditation, mélancolie, solitude Violet
74%
Aucun quiz correspondant
Distribution des résultats
% des personnes avec chaque résultat
Percentile par nombre de réponses
Votre historique - résultats
Vous n’avez pas pris ce quiz